000 01157nam a22002897a 4500
005 20170706114629.0
010 _a1617EN ENG-116817
020 _a9788126532230
_c949.00
035 _a1617EN
035 _aB-650755-764
035 _aB-664687
035 _aEN-100349
037 _bBSB
082 _a621.3678
100 _aLillesand,Thomas M.
245 _aRemote sensing and image interpretation /
_cby Thomas M.Lillesand, Ralph W.Kiefer [and] Jonathan W.Chipman
250 _a6th ed
260 _c2016 (rp)
_aNew Delhi
_bJohn Wiley
270 _a4435-36/7, Ansari Road,Daryaganj
_bNew Delhi
_e110002
300 _c25cm(pbk)
_axii,756p
_bill.
500 _aIncludes index
700 _aKiefer, Ralph W.
700 _aChipman, Jonathan W.
942 _cEN
_2ddc
_h621.3678
_mLIL
999 _c101831
_d101831